| 000 | 01115nam a2200349Ii 4500 | ||
|---|---|---|---|
| 001 | DIGUOCAT0019 | ||
| 003 | NyNyDIG | ||
| 006 | m o d | ||
| 007 | cr ||||||||||| | ||
| 008 | 130901s2002 sp o 000 0 spa d | ||
| 020 | _z8484296628 | ||
| 035 | _a(OCoLC)888284063 | ||
| 040 |
_aDGITA _beng _epn _cDGITA |
||
| 050 | 1 | 4 | _aR726.5 eBook |
| 100 | 1 | _aPerinat, Adolfo. | |
| 245 | 1 | 0 |
_aDesarrollo psicobiológico / _cAdolfo Perinat. |
| 264 | 1 |
_a[Barcelona] : _bUOC Papers, _c2002. |
|
| 300 | _a1 online resource (71 pages) | ||
| 336 |
_atext _btxt _2rdacontent |
||
| 337 |
_acomputer _bc _2rdamedia |
||
| 338 |
_aonline resource _bcr _2rdacarrier |
||
| 504 | _aIncludes bibliographical references (p. 69-71). | ||
| 650 | 0 | _aMedicine and psychology. | |
| 650 | 0 | _aHealth behavior. | |
| 650 | 0 | _aPsychophysiology. | |
| 655 | 0 | _aElectronic books. | |
| 791 | 2 |
_aDigitalia (Firm), _edistributor. |
|
| 793 | 0 |
_gDigitalia eBook Collection: _aUOC Papers |
|
| 856 | 4 | 0 |
_3Digitalia Hispánica _uhttps://www.digitaliapublishing.com/a/5774/ |
| 910 | _aPremium Collection: 2007-2012 | ||
| 942 | _cRAA | ||
| 999 |
_c231315 _d231315 |
||